| 000 | 00404nam a2200169Ia 4500 | ||
|---|---|---|---|
| 008 | 131103s9999 xx 000 0 und d | ||
| 040 | _aLoreto College | ||
| 041 | _aEnglish | ||
| 082 |
_aREF _bLCBED/11446 |
||
| 245 | _aReverse dictionary | ||
| 260 |
_aLondon _bReader's Digest _c1989 |
||
| 300 |
_a768p. _c 24cm. |
||
| 504 | _aIncludes index | ||
| 650 | _aREF | ||
| 850 | _aLCBED/REF | ||
| 942 | _cBK | ||
| 999 |
_c34627 _d85106 |
||